000 00419nam a22001217a 4500
040 _cRUA
082 _aRUA CHH 1998 C276 Or.
100 _aច័ន្ទ សារុន
245 _aធនធានមនុស្សពីសាកលវិទ្យាល័យភូមិន្ទកសិកម្ម(១៩៦៥-១៩៩៧).
260 _aphnom penh
_brua
_c1998
300 _a190p.
_bill.
_c29cm.
942 _cREC
999 _c22523
_d22523